000 00814nam a22001935i 4500
001 158569
003 ES-MaACL
005 20230906211221.0
008 040901s1878 sp |||| | spa d
040 _aCAM
_bspa
_cCAM
100 1 _aMallada, Lucas (
_d1841-1921)
_975787
245 1 3 _aLa fauna primordial á uno y otro lado de la Cordillera Cantábrica /
_cpor L. Mallada y J. Buitrago.
260 _aMadrid :
_b[s.n.],
_c1878 (
_fImprenta y fundicion de Manuel Tello)
300 _a18 p. ;
_c25 cm.
500 _aDel Boletín de la Comisión del Mapa Geológico de España.
650 4 _aFósiles-
_zEspaña.
_9149081
700 1 _aBuitrago, J.
_9126228
852 _aES-MaACL
_jT-1105-F-10
_z-- Enc. hol.
_q-- Falto de la cub. original
_z-- Enc. en un vol. facticio
_z.- Legado de Federico de Botella y de Hornos
999 _c158569
_d158569